00847nam a2200217 i 450000100060000000300090000600700030001500800410001810000290005924501270008825000220021526000530023730000510029049000320034170000220037370000270039583000400042285200300046299900170049295201200050928255ES-MaACLt|030116s1936 xxu ||||1| eng d1 aBadger, Walter L.92453110aElements of Chemical Engineering / cby Walter L. Badger and Warren L. Mc Cabe ; with an introduction by Arthur D. Little. a2nd ed., 6th imp. aNew York, etc. : bMcGraw-Hill Book Co., c1936. aXVII, 660 p. : bil., gráf. pleg. ; c24 cm.1 aChemical Engineering series1 aMcCabe, L.9795231 aLittle, Arthur.9725760 aChemical Engineering series9229254 aES-MaACLjE-351 bR.26490 c28255d28255 00104070aATENEOMbATENEOMcDEPO2d2008-01-17eSCl0oE-351p1029168r2023-02-23 00:00:00w2023-02-23yMONOGRAFIA